000 00208 a2200097 4500
001 5992
100 _aFaber, R B
245 _aIntroduction to amplifiers.
260 _a
_bMcGraw-Hill
_c
090 _c4897
_d4897
942 _aNUST-CAE
_cM
_c31263
999 _c241065
_d241065